¿Vicios privados, beneficios públicos?: la ética en la riqueza de las naciones /

Shranjeno v:
Bibliografske podrobnosti
Glavni avtor: Gianetti, Eduardo
Drugi avtorji: Granero, Laura
Format: Neznan
Jezik:Spanish
Izdano: Argentina : Paidós
Serija:Espacios del saber n° 61
Oznake: Označite
Brez oznak, prvi označite!

MARC

LEADER 00000 a2200000 04500
001 48140
003
008 050628s2006 ag spa d
040
020 |a 950-12-6561-7  
022 |a 950-12-6561-7  
090 |a 0001 G433v  
100 |a Gianetti, Eduardo  
245 |a ¿Vicios privados, beneficios públicos?:   |b la ética en la riqueza de las naciones /   |c Eduardo Giannetti ; traducción Laura Granero  
260 |a Argentina :   |b Paidós  
440 |a Espacios del saber   |v n° 61  
700 |a Granero, Laura,  
700 |e traductor  
999 |c 12775  |d 12775